El sistema procesal penal acusatorio el justo proceso. Estructura y funcionamiento prospectiva de Italia para América Latina
Сохранить в:
| Главный автор: | |
|---|---|
| Другие авторы: | , |
| Формат: | Неизвестно |
| Язык: | английский |
| Опубликовано: |
Santiago, Chile
El Jurista
2020
|
| Редактирование: | 1a.edición |
| Предметы: | |
| Метки: |
Добавить метку
Нет меток, Требуется 1-ая метка записи!
|
MARC
| LEADER | 00000 a2200000 4500 | ||
|---|---|---|---|
| 003 | CL-VaPUC | ||
| 005 | 20211004115137.0 | ||
| 008 | 210624b ||||| |||| 00| 0 eng d | ||
| 999 | |c 433219 |d 433217 | ||
| 020 | |a 9789563670738 | ||
| 040 | |c Pontificia Universidad Católica de Valparaíso | ||
| 082 | 1 | 4 | |2 21 |a 345 BOT 2020 |
| 100 | |a Botero Cardona, Martín Eduardo |9 861763 | ||
| 245 | |a El sistema procesal penal acusatorio el justo proceso. |b Estructura y funcionamiento prospectiva de Italia para América Latina | ||
| 250 | |a 1a.edición | ||
| 260 | |a Santiago, Chile |b El Jurista |c 2020 | ||
| 300 | |a 973 páginas | ||
| 583 | |k Cristina Rojas |c 20210624 | ||
| 650 | 0 | 0 | |a Derecho procesal penal |x Constitución italiana |x Código Vasalli |9 256392 |
| 650 | 0 | 0 | |a Debido proceso |x Ordenamiento jurídico |x Presunción de inocencia |9 520518 |
| 650 | 0 | |a Acciones procesales |x Medidas cautelares |9 860449 | |
| 700 | |a Mantovani, Ferrando |e presentación |9 861888 | ||
| 700 | |a Río Labarthe, Gonzalo del |e estudio preliminar |9 861889 | ||
| 942 | |2 ddc |c BK | ||
| 952 | |0 0 |1 0 |2 ddc |4 0 |6 345_000000000000000_BOT_2020 |7 0 |8 A |9 577326 |a BIBDER |b BIBDER |d 2020-12-29 |e 22 |g 60300.00 |i 5580838 |o 345 BOT 2020 |p 5580838 |r 2023-01-25 |t 1 |v 60300.00 |w 2020-12-29 |y BK |k DER | ||